<?xml version="1.0" encoding="UTF-8"?>
<collection xmlns="http://www.loc.gov/MARC21/slim">
<record>
  <controlfield tag="001">128069</controlfield>
  <controlfield tag="005">20240731103349.0</controlfield>
  <datafield tag="024" ind1="7" ind2=" ">
    <subfield code="2">doi</subfield>
    <subfield code="a">10.1590/1982-4327e3306</subfield>
  </datafield>
  <datafield tag="024" ind1="8" ind2=" ">
    <subfield code="2">sideral</subfield>
    <subfield code="a">135233</subfield>
  </datafield>
  <datafield tag="037" ind1=" " ind2=" ">
    <subfield code="a">ART-2023-135233</subfield>
  </datafield>
  <datafield tag="041" ind1=" " ind2=" ">
    <subfield code="a">eng</subfield>
  </datafield>
  <datafield tag="100" ind1=" " ind2=" ">
    <subfield code="a">Pérez-Nebra, Amalia Raquel</subfield>
    <subfield code="u">Universidad de Zaragoza</subfield>
    <subfield code="0">(orcid)0000-0001-8386-1233</subfield>
  </datafield>
  <datafield tag="245" ind1=" " ind2=" ">
    <subfield code="a">Advertising and Psychology: strategies to reduce violence against women</subfield>
  </datafield>
  <datafield tag="260" ind1=" " ind2=" ">
    <subfield code="c">2023</subfield>
  </datafield>
  <datafield tag="506" ind1="0" ind2=" ">
    <subfield code="a">Access copy available to the general public</subfield>
    <subfield code="f">Unrestricted</subfield>
  </datafield>
  <datafield tag="520" ind1="3" ind2=" ">
    <subfield code="a">The COVID-19 exacerbated violence against women. This study evaluated the possible efficacy of using advertising pieces containing the hypocrisy paradigm, the contrast principle, and moral disengagement mechanisms to prevent and reduce violence against women. We conducted two studies which included exclusively men as participants. Study 1 (n=400; M  age =21.69; Me=20.00; SD=5.79) used traditional pieces on violence against women, manipulating only their moral disengagement phrases. Results suggest that the phrase combined with traditional images is either ineffective or has a rebound effect. Study 2 (n=303; M  age =21.38; Me=20.00; SD=4.94) manipulated the image in Study 1, showing more effective results regarding hostility. However, physical aggression showed no significant differences. Finally, some pieces generated a rebound effect, increasing participants’ self-perception of aggression. The use of advertising can act as an ally or an enemy of public policies if their effectiveness lacks proper testing.

La violencia contra la mujer es un problema pandémico agravado por el COVID-19. Esta investigación verificó el grado de eficacia de anuncios publicitarios para reducir la violencia contra la mujer utilizando el paradigma de la hipocresía, el principio de contraste y los mecanismos de desconexión moral. Se diseñaron dos estudios con muestras masculinas. El Estudio 1 (n=400; M edad =21,69; Me=20,00; DT=5,79) utilizó anuncios tradicionales, manipulando únicamente las frases de desconexión moral. El resultado sugiere que la frase combinada con imágenes tradicionales es ineficaz o tiene efecto rebote. El Estudio 2 (n=303; M edad =21,38, Me=20,00; DT=4,94) manipuló la imagen, y los resultados indican mayor eficacia respecto a la hostilidad. Pero la agresión física no mostró diferencias significativas. Finalmente, algunos anuncios generaron efecto rebote, incrementando la autopercepción de la agresividad. Así, el uso de la publicidad puede actuar como enemiga de las políticas públicas contra la violencia a la mujer cuando no se comprueba adecuadamente su eficacia.</subfield>
  </datafield>
  <datafield tag="540" ind1=" " ind2=" ">
    <subfield code="9">info:eu-repo/semantics/openAccess</subfield>
    <subfield code="a">by-nc</subfield>
    <subfield code="u">http://creativecommons.org/licenses/by-nc/3.0/es/</subfield>
  </datafield>
  <datafield tag="592" ind1=" " ind2=" ">
    <subfield code="a">0.206</subfield>
    <subfield code="b">2023</subfield>
  </datafield>
  <datafield tag="593" ind1=" " ind2=" ">
    <subfield code="a">Psychology (miscellaneous)</subfield>
    <subfield code="c">2023</subfield>
    <subfield code="d">Q4</subfield>
  </datafield>
  <datafield tag="593" ind1=" " ind2=" ">
    <subfield code="a">Education</subfield>
    <subfield code="c">2023</subfield>
    <subfield code="d">Q4</subfield>
  </datafield>
  <datafield tag="594" ind1=" " ind2=" ">
    <subfield code="a">1.1</subfield>
    <subfield code="b">2023</subfield>
  </datafield>
  <datafield tag="655" ind1=" " ind2="4">
    <subfield code="a">info:eu-repo/semantics/article</subfield>
    <subfield code="v">info:eu-repo/semantics/publishedVersion</subfield>
  </datafield>
  <datafield tag="700" ind1=" " ind2=" ">
    <subfield code="a">Silva, Ana Júlia Gonçalves Paula da</subfield>
  </datafield>
  <datafield tag="700" ind1=" " ind2=" ">
    <subfield code="a">Couto, Cleno</subfield>
  </datafield>
  <datafield tag="700" ind1=" " ind2=" ">
    <subfield code="a">Costa, Monique Tostes Portugal</subfield>
  </datafield>
  <datafield tag="700" ind1=" " ind2=" ">
    <subfield code="a">Homonnai, Catarina Teixeira</subfield>
  </datafield>
  <datafield tag="700" ind1=" " ind2=" ">
    <subfield code="a">Modesto, João Gabriel</subfield>
  </datafield>
  <datafield tag="710" ind1="2" ind2=" ">
    <subfield code="1">4009</subfield>
    <subfield code="2">740</subfield>
    <subfield code="a">Universidad de Zaragoza</subfield>
    <subfield code="b">Dpto. Psicología y Sociología</subfield>
    <subfield code="c">Área Psicología Social</subfield>
  </datafield>
  <datafield tag="773" ind1=" " ind2=" ">
    <subfield code="g">33 (2023), e3306 [8 pp.]</subfield>
    <subfield code="t">Paideia</subfield>
    <subfield code="x">1982-4327</subfield>
  </datafield>
  <datafield tag="856" ind1="4" ind2=" ">
    <subfield code="s">506611</subfield>
    <subfield code="u">http://zaguan.unizar.es/record/128069/files/texto_completo.pdf</subfield>
    <subfield code="y">Versión publicada</subfield>
  </datafield>
  <datafield tag="856" ind1="4" ind2=" ">
    <subfield code="s">2615187</subfield>
    <subfield code="u">http://zaguan.unizar.es/record/128069/files/texto_completo.jpg?subformat=icon</subfield>
    <subfield code="x">icon</subfield>
    <subfield code="y">Versión publicada</subfield>
  </datafield>
  <datafield tag="909" ind1="C" ind2="O">
    <subfield code="o">oai:zaguan.unizar.es:128069</subfield>
    <subfield code="p">articulos</subfield>
    <subfield code="p">driver</subfield>
  </datafield>
  <datafield tag="951" ind1=" " ind2=" ">
    <subfield code="a">2024-07-31-09:53:32</subfield>
  </datafield>
  <datafield tag="980" ind1=" " ind2=" ">
    <subfield code="a">ARTICLE</subfield>
  </datafield>
</record>
</collection>